[Event "Roberto Goyeneche in memorian"]
[Site "SchemingMind.com"]
[Date "2007.07.07"]
[Round "-"]
[White "Negrito19"]
[Black "palaciorep"]
[Result "1-0"]
[WhiteCountry "ARG"]
[BlackCountry "ARG"]
[WhiteElo "1655"]
[WhiteRD "64"]
[BlackElo "1633"]
[BlackRD "74"]
[GameID "111448"]

1. e4 e5 2. Nf3 Nc6 3. Nc3 Bc5 4. Bc4 h6 5. d3 d6 6. h3 Nf6 7. a3 a6 8. O-O O-O 9. b4 Bd4 10. Nxd4 Nxd4
11. f4 b5 12. Ba2 Nc6 13. Bb2 exf4 14. Rxf4 Be6 15. Nd5 Bxd5 16. exd5 Ne5 17. c4 Re8 18. cxb5 axb5 19. Qf1 Ned7 20. Bb3 Re7
21. Qf3 Nh7 22. Rf1 f6 23. Qg3 Rf7 24. Rh4 Kf8 25. Bd1 Ne5 26. Bh5 Re7 27. Bxe5 dxe5 28. Qg6 Kg8 29. Bf3 Ng5 30. Rxh6 Nxf3+
31. Rxf3 Rf7 32. Rg3 Rxa3 33. Qh5 Kf8 34. Rh8+ Ke7 35. Rxd8
1-0

[Event "Roberto Goyeneche in memorian"]
[Site "SchemingMind.com"]
[Date "2007.07.07"]
[Round "-"]
[White "jmfera"]
[Black "palaciorep"]
[Result "0-1"]
[WhiteCountry "ARG"]
[BlackCountry "ARG"]
[WhiteElo "1239"]
[WhiteRD "90"]
[BlackElo "1643"]
[BlackRD "80"]
[GameID "111450"]

1. e4 e5 2. Nf3 Nc6 3. Bc4 h6 4. Nc3 d6 5. d3 Bg4 6. Be3 Nf6 7. Nd5 Nd4 8. Bxd4 exd4 9. Qe2 c6 10. Nxf6+ Qxf6
11. h3 Bxf3
0-1

[Event "Roberto Goyeneche in memorian"]
[Site "SchemingMind.com"]
[Date "2007.07.09"]
[Round "-"]
[White "Miael_"]
[Black "palaciorep"]
[Result "1-0"]
[WhiteCountry "ARG"]
[BlackCountry "ARG"]
[WhiteElo "1827"]
[WhiteRD "80"]
[BlackElo "1634"]
[BlackRD "74"]
[GameID "111733"]

1. e4 e5 2. f4 d6 3. Nf3 Bg4 4. Bc4 Nf6 5. Nc3 Nc6 6. d3 Nd4 7. fxe5 dxe5 8. Bg5 Be7 9. Rf1 O-O 10. h3 Bxf3
11. gxf3 h6 12. Be3 c5 13. Qd2 Kh7 14. O-O-O a6 15. Qg2 b5 16. Rg1 Nh5 17. Bxf7 Rxf7 18. Qg6+ Kg8 19. Qxh5 Nxf3 20. Rg3 Ng5
21. h4 Ne6 22. Bxh6 Bf6 23. Nd5 Kf8 24. Rg6 b4 25. Bg5 Rfa7 26. Bxf6 Qd7 27. Bxe5 Qa4 28. Qf5+ Kg8 29. Qxe6+ Kh7 30. Rdg1 Qxa2
31. Nf6+
1-0

[Event "Roberto Goyeneche in memorian"]
[Site "SchemingMind.com"]
[Date "2007.07.09"]
[Round "-"]
[White "Miael_"]
[Black "diego"]
[Result "1-0"]
[WhiteCountry "ARG"]
[BlackCountry "ARG"]
[WhiteElo "1669"]
[WhiteRD "87"]
[BlackElo "1362"]
[BlackRD "86"]
[GameID "111734"]

1. e4 e5 2. Nf3 Nc6 3. Bc4 Nf6 4. Nc3 d6 5. Ng5 Be6 6. Nxe6 fxe6 7. Bxe6 Nd4 8. Bb3 Qd7 9. d3 c6 10. Be3 O-O-O
11. Bxd4 exd4 12. Ne2 d5 13. Nxd4 dxe4 14. Be6 exd3 15. Bxd7+ Rxd7 16. Nf5 d2+ 17. Kf1 Ne4 18. Ne3 Bc5 19. f3 Rf8 20. Ke2 Bxe3
21. fxe4 Bc5 22. Rf1 Re8 23. Kf3 Rd4 24. Qe2 Rdxe4 25. Qxe4
1-0

[Event "Roberto Goyeneche in memorian"]
[Site "SchemingMind.com"]
[Date "2007.07.09"]
[Round "-"]
[White "Miael_"]
[Black "froldan"]
[Result "1-0"]
[WhiteCountry "ARG"]
[BlackCountry "ARG"]
[WhiteElo "1532"]
[WhiteRD "67"]
[BlackElo "1642"]
[BlackRD "91"]
[GameID "111735"]

1. e4 c5 2. Nf3 Nc6 3. Bc4 d6 4. O-O Nf6 5. d3 Bg4 6. h3 Bxf3 7. Qxf3 Nd4 8. Qd1 e6 9. c3 Nc6 10. Bg5 Be7
11. Nd2 O-O 12. Bb5 Ne5 13. Nc4 a6 14. Nxe5 dxe5 15. Ba4 b5 16. Bc2 Ne8 17. Be3 Qc7 18. a4 Nf6 19. f4 exf4 20. Bxf4 Bd6
21. Bxd6 Qxd6 22. d4 cxd4 23. cxd4 e5 24. dxe5 Qxe5 25. axb5 axb5 26. Rf5 Qxb2 27. Rb1 Qc3 28. e5 Qe3+ 29. Kh1 Nd7 30. Rxb5 Rfe8
31. Qxd7 Ra1+ 32. Rb1 Rxb1+ 33. Bxb1 Rf8 34. Qd3 Qxd3 35. Bxd3 g6 36. Rf4 Kg7 37. g4 f6 38. exf6+ Rxf6 39. Rxf6 Kxf6 40. Kg2 h5
41. Kf3 Kg5 42. Kg3 hxg4 43. hxg4 Kh6 44. Kf4 Kg7 45. Kg5
1-0

[Event "Roberto Goyeneche in memorian"]
[Site "SchemingMind.com"]
[Date "2007.07.09"]
[Round "-"]
[White "Miael_"]
[Black "Tahur"]
[Result "1-0"]
[WhiteCountry "ARG"]
[BlackCountry "ARG"]
[WhiteElo "1827"]
[WhiteRD "80"]
[BlackElo "1964"]
[BlackRD "52"]
[GameID "111736"]

1. e4 e5 2. Nf3 Nc6 3. Bc4 Bc5 4. Nc3 Nf6 5. d3 d6 6. Ng5 Rf8 7. Na4 h6 8. Nxc5 dxc5 9. Nf3 a6 10. O-O b5
11. Bb3 Bg4 12. h3 Bxf3 13. Qxf3 Nd4 14. Qe3 Qd6 15. Rd1 O-O-O 16. Bd2 g5 17. Bc3 Nd7 18. Re1 f6 19. Rad1 Kb7 20. Ba5 Nxb3
21. axb3 Nb8 22. Ra1 Nc6 23. Bd2 Nd4 24. Rec1 h5 25. Qe1 g4 26. h4 Qc6 27. Qd1 f5 28. Bg5 Rd7 29. c3 Ne6 30. Bh6 Rfd8
31. exf5 Rxd3 32. Qf1 Nf4 33. Bg5 R8d7 34. c4 Rxb3 35. Bxf4 exf4 36. cxb5 Qxb5 37. Rxc5 Qxf1+ 38. Kxf1 Rxb2 39. f6 Rdd2 40. Rac1 Rxf2+
41. Ke1 Rbe2+ 42. Kd1 Rd2+ 43. Ke1 Rfe2+ 44. Kf1 Rxg2 45. f7 Rdf2+ 46. Ke1 Re2+ 47. Kd1 Rd2+ 48. Ke1 Rd8 49. Rxc7+ Kb6 50. Rc8 Rg1+
51. Kf2 Rxc1 52. Rxd8 g3+ 53. Kf3 Rc3+ 54. Ke2 Re3+ 55. Kd2 g2 56. f8=Q g1=Q 57. Qb4+ Kc7 58. Qd6+ Kb7 59. Rd7+
1-0

[Event "Roberto Goyeneche in memorian"]
[Site "SchemingMind.com"]
[Date "2007.07.09"]
[Round "-"]
[White "Miael_"]
[Black "Negrito19"]
[Result "1-0"]
[WhiteCountry "ARG"]
[BlackCountry "ARG"]
[WhiteElo "1780"]
[WhiteRD "80"]
[BlackElo "1655"]
[BlackRD "64"]
[GameID "111737"]

1. e4 e5 2. Nf3 Nc6 3. Bb5 a6 4. Bxc6 dxc6 5. O-O Bg4 6. h3 Bxf3 7. Qxf3 Bc5 8. d3 h6 9. Nc3 Ne7 10. Qg3 g5
11. Qxe5 Rh7 12. Qxc5 Qd7 13. Bd2 b6 14. Qe3 O-O-O 15. Rae1 Re8 16. Qg3 Kb7 17. a4 a5 18. e5 Nf5 19. Qg4 Rg8 20. Ne4 h5
21. Qd1 g4 22. Nf6 Qe6 23. Nxg8 gxh3 24. g3 Qg6 25. Qf3 Rg7 26. Nf6 Nh4 27. Qxh5 Qxh5 28. Nxh5 Rg6 29. Kh1 Nf3 30. Re2 c5
31. Nf4 Rh6 32. e6 fxe6 33. b3 h2 34. Ng2 Kc6 35. Bxh6
1-0

[Event "Roberto Goyeneche in memorian"]
[Site "SchemingMind.com"]
[Date "2007.07.09"]
[Round "-"]
[White "palaciorep"]
[Black "Miael_"]
[Result "0-1"]
[WhiteCountry "ARG"]
[BlackCountry "ARG"]
[WhiteElo "1633"]
[WhiteRD "74"]
[BlackElo "1780"]
[BlackRD "80"]
[GameID "111740"]

1. e4 e5 2. Nf3 Nc6 3. Bb5 a6 4. Bxc6 dxc6 5. h3 Nf6 6. Nc3 Bc5 7. d3 O-O 8. Bg5 Re8 9. O-O h6 10. Bh4 Bd7
11. Ne2 Bc8 12. a3 b5 13. b4 Bb6 14. Bxf6 Qxf6 15. Ng3 Bd7 16. Qe2 c5 17. c3 a5 18. Nh2 cxb4 19. axb4 axb4 20. Rxa8 Rxa8
21. cxb4 Qf4 22. Nf3 Qxg3 23. Qb2 Bxh3 24. Ne1 Be6 25. Nf3 Ra2 26. Qa1 Rxa1
0-1

[Event "Roberto Goyeneche in memorian"]
[Site "SchemingMind.com"]
[Date "2007.07.09"]
[Round "-"]
[White "diego"]
[Black "Miael_"]
[Result "0-1"]
[WhiteCountry "ARG"]
[BlackCountry "ARG"]
[WhiteElo "1362"]
[WhiteRD "86"]
[BlackElo "1669"]
[BlackRD "87"]
[GameID "111741"]

1. e4 e5 2. Nf3 Nc6 3. Bb5 a6 4. Ba4 Nf6 5. O-O Be7 6. c3 b5 7. Bb3 O-O 8. d4 d6 9. Be3 Bb7 10. d5 Na5
11. Nbd2 Nxb3 12. Nxb3 Nxe4 13. Na5 Qc8 14. Nc6 Bxc6 15. dxc6 f5 16. Kh1 f4 17. Qd5+ Kh8 18. Qxe4 fxe3 19. fxe3 Qf5 20. Qxf5 Rxf5
21. h4 Raf8 22. a4 e4 23. Nd2 Rxf1+ 24. Nxf1 Bxh4 25. Nd2 d5 26. axb5 axb5 27. Ra7 Bg5 28. Nf1 Rxf1+ 29. Kh2 Be7 30. Rxc7 Bd6+
0-1

[Event "Roberto Goyeneche in memorian"]
[Site "SchemingMind.com"]
[Date "2007.07.09"]
[Round "-"]
[White "froldan"]
[Black "Miael_"]
[Result "1-0"]
[WhiteCountry "ARG"]
[BlackCountry "ARG"]
[WhiteElo "1642"]
[WhiteRD "91"]
[BlackElo "1532"]
[BlackRD "67"]
[GameID "111742"]

1. e4 c5 2. Nf3 d6 3. d4 cxd4 4. Nxd4 Nf6 5. Nc3 a6 6. Bg5 Nc6 7. Bc4 e6 8. O-O Be7 9. Re1 O-O 10. Nxc6 bxc6
11. e5 dxe5 12. Rxe5 Qc7 13. Re1 Bb7 14. Bd3 c5 15. Ne4 Bxe4 16. Bxe4 Rad8 17. Qe2 Nxe4 18. Bxe7 Qxe7 19. Qxe4 Qf6 20. Qe5 Rd2
21. Qxf6 gxf6 22. Rac1 Rfd8 23. g3 e5 24. Kg2 Kf8 25. Kf3 Kg7 26. Re2 R8d4 27. Rxd2 Rxd2 28. Ke3 Rd4 29. c3 Rd6 30. Rc2 a5
31. Rd2 Rb6 32. b3 Kg6 33. f4 Kf5 34. fxe5 fxe5 35. Rd7 Rh6 36. Rxf7+ Ke6 37. Rf2 Kd6 38. a3 Kd5 39. Rd2+ Kc6 40. Ke4 Re6
41. Rd5
1-0

[Event "Roberto Goyeneche in memorian"]
[Site "SchemingMind.com"]
[Date "2007.07.09"]
[Round "-"]
[White "Tahur"]
[Black "Miael_"]
[Result "0-1"]
[WhiteCountry "ARG"]
[BlackCountry "ARG"]
[WhiteElo "1898"]
[WhiteRD "54"]
[BlackElo "1780"]
[BlackRD "80"]
[GameID "111743"]

1. e4 e5 2. Nf3 Nc6 3. Bb5 a6 4. Ba4 Nf6 5. O-O Bc5 6. c3 Bb6 7. Bxc6 dxc6 8. Nxe5 Nxe4 9. d4 Bf5 10. g4 Be6
11. Re1 Nd6 12. c4 Nc8 13. d5 cxd5 14. cxd5 Qxd5 15. Qxd5 Bxd5 16. Ng6+ Kd7 17. Nxh8 Nd6 18. Rd1 Be6 19. Nxf7 Bxf7 20. Nc3 Rf8
21. Be3 Bxe3 22. fxe3 Be6 23. g5 b5 24. e4 Kc8 25. a4 b4 26. Nd5 Nxe4 27. Ne7+ Kb7 28. Rd4 Rf4 29. Rxb4+ Ka8 30. Nc6 Rg4+
31. Kf1 Bc4+ 32. Rxc4 Nd2+ 33. Kf2 Nxc4 34. b3 Nd6 35. Nd8 Rxg5 36. Rc1 Rc5 37. Re1 Rc2+ 38. Kg1 Nf5 39. Ne6 Kb7 40. b4 Rc4
41. Nc5+ Kb6 42. Re5 g6 43. Re6+ Nd6 44. Nd7+ Kc6 45. Ne5+ Kd5 46. Nxc4 Kxe6 47. Ne3= Nf5 48. Kf2 Nxe3 49. Kxe3= Ke5 50. Kd3 Kd5
51. h4 h6 52. Kc3= g5 53. hxg5= hxg5 54. Kd3= g4 55. Ke3 Kc4 56. a5= Kxb4 57. Kf4= c5 58. Kxg4 c4 59. Kf4 c3
0-1

[Event "Roberto Goyeneche in memorian"]
[Site "SchemingMind.com"]
[Date "2007.07.09"]
[Round "-"]
[White "Negrito19"]
[Black "Miael_"]
[Result "0-1"]
[WhiteCountry "ARG"]
[BlackCountry "ARG"]
[WhiteElo "1634"]
[WhiteRD "66"]
[BlackElo "1669"]
[BlackRD "87"]
[GameID "111744"]

1. e4 e5 2. Nf3 Nc6 3. Nc3 Nf6 4. Bc4 Bc5 5. d3 d6 6. Ng5 O-O 7. Nd5 Nxd5 8. Bxd5 h6 9. Nf3 Bg4 10. h3 Bh5
11. g4 Bg6 12. g5 Bh5 13. gxh6 Nd4 14. hxg7 Nxf3+ 15. Kf1 Nh2+ 16. Rxh2 Bxd1 17. Bh6 Re8 18. h4 Qf6 19. Bg5 Qf3 20. Kg1 Qg3+
21. Rg2 Bxf2+ 22. Kf1 Qf3 23. Bxf7+ Kh7 24. g8=Q+ Rxg8 25. Rxd1 Bxh4+ 26. Kg1 Qxd1+
0-1

[Event "Roberto Goyeneche in memorian"]
[Site "SchemingMind.com"]
[Date "2007.07.08"]
[Round "-"]
[White "jorge47"]
[Black "palaciorep"]
[Result "1/2-1/2"]
[WhiteCountry "ARG"]
[BlackCountry "ARG"]
[WhiteElo "1552"]
[WhiteRD "83"]
[BlackElo "1623"]
[BlackRD "77"]
[GameID "111822"]

1. e4 e5 2. Nf3 Nc6 3. Bb5 Nge7 4. O-O Ng6 5. b3 a6 6. Bxc6 dxc6 7. Bb2 Bd6 8. d4 Qe7 9. Qd3 Bg4 10. Re1 Bxf3
11. Qxf3 O-O 12. c4 c5 13. dxe5 Bxe5 14. Nc3 c6 15. Rad1 Rfd8 16. g3 Rxd1 17. Rxd1 Rd8 18. Na4 Bxb2 19. Nxb2 Rxd1+ 20. Qxd1 Qxe4
21. Qd3 Qxd3 22. Nxd3 b6 23. f4=
1/2-1/2

[Event "Roberto Goyeneche in memorian"]
[Site "SchemingMind.com"]
[Date "2007.07.05"]
[Round "-"]
[White "jorge47"]
[Black "diego"]
[Result "1-0"]
[WhiteCountry "ARG"]
[BlackCountry "ARG"]
[WhiteElo "1552"]
[WhiteRD "83"]
[BlackElo "1318"]
[BlackRD "98"]
[GameID "111823"]

1. e4 c5 2. Nf3 Nc6 3. d4 cxd4 4. Nxd4 Nf6 5. Nc3 d6 6. Be2 g6 7. O-O e5 8. Nxc6 bxc6 9. Bg5 Bg7 10. f4 Qb6+
11. Kh1 Ng4 12. Bxg4 h5 13. Bxc8 Rxc8 14. Na4 Qb8 15. fxe5 Bxe5 16. Bf6 O-O 17. Bxe5 dxe5 18. b3 Qb4 19. Qe1 Rb8 20. c3 Qe7
21. Rd1 f5 22. Qg3 Kg7 23. exf5 Kh6 24. Qxg6#
1-0

[Event "Roberto Goyeneche in memorian"]
[Site "SchemingMind.com"]
[Date "2007.07.10"]
[Round "-"]
[White "jorge47"]
[Black "froldan"]
[Result "0-1"]
[WhiteCountry "ARG"]
[BlackCountry "ARG"]
[WhiteElo "1519"]
[WhiteRD "70"]
[BlackElo "1595"]
[BlackRD "88"]
[GameID "111824"]

1. e4 c5 2. Nf3 Nc6 3. d4 cxd4 4. Nxd4 Nf6 5. Nc3 e6 6. Be2 Be7 7. O-O O-O 8. f4 Bc5 9. Be3 d6 10. a3 a6
11. Nxc6 bxc6 12. Bxc5 dxc5 13. Na4 Nxe4 14. Bd3 Qa5 15. c4 Rd8 16. Rf3 Nd6 17. Qc2 g6 18. g4 Qc7 19. Nxc5 Nb7 20. Nxb7 Bxb7
21. c5 Rd5 22. Rd1 Rad8 23. Be2 Bc8 24. Rxd5 exd5 25. b4 Bxg4 26. Rf2 Bxe2 27. Qxe2 a5 28. f5 axb4 29. axb4 Qd7 30. fxg6 hxg6
31. Rf6 Re8 32. Qd1 Qe7 33. Qf1 Qe3+ 34. Kh1 Qe4+ 35. Kg1 Qxb4 36. Qf2 Re1+ 37. Kg2 Qg4+ 38. Qg3 Re2+ 39. Kf1 Qxg3 40. hxg3 Re6
41. Rf4 Kg7 42. Kf2 Re4 43. Rxe4 dxe4 44. g4 f5
0-1

[Event "Roberto Goyeneche in memorian"]
[Site "SchemingMind.com"]
[Date "2007.07.10"]
[Round "-"]
[White "jorge47"]
[Black "Miael_"]
[Result "0-1"]
[WhiteCountry "ARG"]
[BlackCountry "ARG"]
[WhiteElo "1580"]
[WhiteRD "75"]
[BlackElo "1669"]
[BlackRD "87"]
[GameID "111825"]

1. e4 c6 2. d4 g6 3. Nf3 Bg7 4. Be2 d5 5. exd5 cxd5 6. O-O Nc6 7. c4 dxc4 8. Bxc4 Bg4 9. Be3 Nf6 10. Be2 O-O
11. h3 Bxf3 12. Bxf3 Nd5 13. Nc3 Nxc3 14. bxc3 Rc8 15. Rb1 Qc7 16. d5 Ne5 17. Bxa7 Qa5 18. Bd4 Nxf3+ 19. gxf3 Qxa2 20. Rxb7 Qxd5
21. Rxe7 Qg5+ 22. Kh2 Qxe7 23. Bxg7 Kxg7 24. Re1 Qc7+ 25. Kg2 Qxc3 26. Re2 Rfd8 27. Qa4 Qc4 28. Qa1+ Qd4 29. Qa2 Qd5 30. Qa1+ Kg8
31. Qa7 Qg5+ 32. Kh2 Rd1
0-1

[Event "Roberto Goyeneche in memorian"]
[Site "SchemingMind.com"]
[Date "2007.07.05"]
[Round "-"]
[White "jorge47"]
[Black "Tahur"]
[Result "0-1"]
[WhiteCountry "ARG"]
[BlackCountry "ARG"]
[WhiteElo "1436"]
[WhiteRD "103"]
[BlackElo "1610"]
[BlackRD "59"]
[GameID "111826"]

1. e4 e5 2. Nf3 Nc6 3. d3 Nf6 4. Be2 d5 5. exd5 Nxd5 6. c4 Bb4+ 7. Bd2 Bxd2+ 8. Qxd2 Nf4 9. O-O Bf5 10. Re1 Nxe2+
11. Rxe2 Bxd3 12. Re3 Bxb1 13. Rxb1 Qxd2 14. Nxd2 O-O-O 15. Ne4 f5 16. Ng5 Rd7 17. b4 e4 18. g3 Nd4 19. Rd1 Nf3+
0-1

[Event "Roberto Goyeneche in memorian"]
[Site "SchemingMind.com"]
[Date "2007.07.05"]
[Round "-"]
[White "jorge47"]
[Black "Negrito19"]
[Result "0-1"]
[WhiteCountry "ARG"]
[BlackCountry "ARG"]
[WhiteElo "1436"]
[WhiteRD "103"]
[BlackElo "1661"]
[BlackRD "61"]
[GameID "111827"]

1. e4 e5 2. Nf3 d6 3. Bc4 h6 4. O-O Bg4 5. h3 Bxf3 6. Qxf3 Nf6 7. Re1 c6 8. Nc3 b5 9. Bb3 a5 10. a3 Nbd7
11. d3 Nb6 12. Be3 Be7 13. d4 O-O 14. dxe5 dxe5 15. Rad1 Qc7 16. Ba2 b4 17. Nb1 Na4 18. b3 Nc3 19. Nxc3 bxc3 20. Bc1 Rfd8
21. Qxc3 Rxd1 22. Rxd1 Nxe4 23. Qc4 Nd6 24. Be3 Nxc4
0-1

[Event "Roberto Goyeneche in memorian"]
[Site "SchemingMind.com"]
[Date "2007.07.05"]
[Round "-"]
[White "jorge47"]
[Black "alejandra"]
[Result "1-0"]
[WhiteCountry "ARG"]
[BlackCountry "ARG"]
[WhiteElo "1552"]
[WhiteRD "83"]
[BlackElo "1218"]
[BlackRD "80"]
[GameID "111828"]

1. e4 e5 2. Nf3 Nc6 3. d3 Bc5 4. Be2 Nf6 5. O-O d6 6. a3 h6 7. b4 Bb6 8. c4 Ng4 9. h3 h5 10. hxg4 hxg4
11. Ng5 g3 12. Be3 f6 13. Bh5+
1-0

[Event "Roberto Goyeneche in memorian"]
[Site "SchemingMind.com"]
[Date "2007.07.10"]
[Round "-"]
[White "jorge47"]
[Black "jmfera"]
[Result "1-0"]
[WhiteCountry "ARG"]
[BlackCountry "ARG"]
[WhiteElo "1552"]
[WhiteRD "83"]
[BlackElo "1276"]
[BlackRD "108"]
[GameID "111829"]

1. e4 c5 2. Nf3 d6 3. d4 Nc6 4. d5 Ne5 5. c4 Bg4 6. Nbd2 Qa5 7. Be2 Bxf3 8. gxf3 Nf6 9. f4 Ned7 10. O-O e6
11. dxe6 fxe6 12. b3
1-0

[Event "Roberto Goyeneche in memorian"]
[Site "SchemingMind.com"]
[Date "2007.07.09"]
[Round "-"]
[White "palaciorep"]
[Black "jorge47"]
[Result "1-0"]
[WhiteCountry "ARG"]
[BlackCountry "ARG"]
[WhiteElo "1643"]
[WhiteRD "80"]
[BlackElo "1580"]
[BlackRD "75"]
[GameID "111830"]

1. e4 c5 2. Bc4 d6 3. Qh5 g6 4. Qf3 Nf6 5. h3 Bg7 6. d3 Nc6 7. Nc3 Nd4 8. Qd1 a6 9. Be3 b5 10. Bd5 Rb8
11. Nf3 Nxf3+ 12. Qxf3 O-O 13. O-O Nxd5 14. Nxd5 Bxb2 15. Rab1 Be5 16. Bh6 Re8 17. h4 e6 18. Ne3 Bg7 19. Bxg7 Kxg7 20. h5 Bb7
21. Qg3 d5 22. Rfd1 dxe4 23. dxe4 Qa5 24. hxg6 fxg6 25. Qe5+ Kg8 26. Ng4 Kf7 27. Qf6+
1-0

[Event "Roberto Goyeneche in memorian"]
[Site "SchemingMind.com"]
[Date "2007.07.05"]
[Round "-"]
[White "diego"]
[Black "jorge47"]
[Result "0-1"]
[WhiteCountry "ARG"]
[BlackCountry "ARG"]
[WhiteElo "1362"]
[WhiteRD "86"]
[BlackElo "1580"]
[BlackRD "75"]
[GameID "111831"]

1. e4 c5 2. Nf3 d6 3. d4 cxd4 4. Bb5+ Bd7 5. Nxd4 Nf6 6. Nc3 a6 7. Bxd7+ Nbxd7 8. O-O e6 9. f4 Be7 10. f5 e5
11. Nf3 Nc5 12. Ng5 h6 13. Nh3 Nfxe4 14. Nxe4 Nxe4 15. Qe1 Nc5 16. Qg3 Rh7 17. Qg4 Qb6 18. Kh1 h5 19. Qf3 Rc8 20. Bg5 f6
21. Bh4 e4 22. Qd1 Qxb2 23. Nf4 g5 24. Bxg5 fxg5 25. Nxh5 Nd7 26. a4 Rxc2 27. Rg1 Re2 28. Ng3 Rd2 29. Qc1 Rxh2+
0-1

[Event "Roberto Goyeneche in memorian"]
[Site "SchemingMind.com"]
[Date "2007.07.10"]
[Round "-"]
[White "froldan"]
[Black "jorge47"]
[Result "0-1"]
[WhiteCountry "ARG"]
[BlackCountry "ARG"]
[WhiteElo "1592"]
[WhiteRD "90"]
[BlackElo "1580"]
[BlackRD "75"]
[GameID "111832"]

1. e4 c5 2. Nf3 d6 3. d4 cxd4 4. Nxd4 Nf6 5. Nc3 e6 6. Bg5 Be7 7. Bd3 O-O 8. O-O a6 9. Re1 h6 10. Bh4 Qc7
11. f4 Nc6 12. Nxc6 bxc6 13. e5 Nd5 14. Bxe7 Qxe7 15. Ne4 Nxf4 16. exd6 Qd7 17. Qg4 Nxd3 18. cxd3 f5 19. Nf6+ Rxf6 20. Qf4 g5
21. Qe5 Kg7 22. Rf1 Rb8 23. b3 Rb5 24. Qd4 Rd5 25. Qb4 Rxd6
0-1

[Event "Roberto Goyeneche in memorian"]
[Site "SchemingMind.com"]
[Date "2007.07.09"]
[Round "-"]
[White "Miael_"]
[Black "jorge47"]
[Result "1-0"]
[WhiteCountry "ARG"]
[BlackCountry "ARG"]
[WhiteElo "1780"]
[WhiteRD "80"]
[BlackElo "1578"]
[BlackRD "72"]
[GameID "111833"]

1. e4 c5 2. Nf3 d6 3. Bb5+ Bd7 4. Bxd7+ Nxd7 5. d4 cxd4 6. Nxd4 Ngf6 7. Nc3 e6 8. O-O Be7 9. Re1 O-O 10. Be3 Nc5
11. Qf3 a6 12. Bg5 h6 13. Be3 Rc8 14. Rac1 b5 15. e5 dxe5 16. Nc6 Qc7 17. Bxc5 Bxc5 18. Nxe5 Rfd8 19. Ng4 Nxg4 20. Qxg4 Rd4
21. Qf3 Rd2 22. Ne4 Rd4 23. c3 Rd5 24. Nxc5 Rxc5 25. Rcd1 a5 26. Rd4 b4 27. cxb4 axb4 28. Rxb4 Rc1 29. Qe2 Rxe1+ 30. Qxe1 Qc1
31. Kf1 Qf4 32. Rxf4
1-0

[Event "Roberto Goyeneche in memorian"]
[Site "SchemingMind.com"]
[Date "2007.07.05"]
[Round "-"]
[White "Tahur"]
[Black "jorge47"]
[Result "1-0"]
[WhiteCountry "ARG"]
[BlackCountry "ARG"]
[WhiteElo "1610"]
[WhiteRD "59"]
[BlackElo "1436"]
[BlackRD "103"]
[GameID "111834"]

1. e4 c5 2. Nf3 d6 3. Nc3 Nf6 4. d4 cxd4 5. Nxd4 e6 6. Be2 Be7 7. Be3 Nc6 8. O-O O-O 9. Nxc6 bxc6 10. f4 Bb7
11. Qd3 c5 12. e5 Nd5 13. Nxd5 Bxd5 14. Rad1 f6 15. exd6 Bxd6 16. c4 Bxg2 17. Kxg2 Qc7 18. Qxd6
1-0

[Event "Roberto Goyeneche in memorian"]
[Site "SchemingMind.com"]
[Date "2007.07.05"]
[Round "-"]
[White "Negrito19"]
[Black "jorge47"]
[Result "1-0"]
[WhiteCountry "ARG"]
[BlackCountry "ARG"]
[WhiteElo "1661"]
[WhiteRD "61"]
[BlackElo "1436"]
[BlackRD "103"]
[GameID "111835"]

1. e4 c5 2. Bc4 d6 3. Qf3 Nf6 4. Nc3 e6 5. Nge2 Nc6 6. O-O Ne5 7. Bb5+ Bd7 8. Bxd7+ Qxd7 9. Qg3 O-O-O 10. d4 cxd4
11. Nxd4 Kb8 12. Ndb5 Nxe4 13. Qe3 Nc5 14. b4 Nc4 15. Qd4 Nb6 16. bxc5 dxc5 17. Bf4+ Bd6 18. Qxd6+ Qxd6 19. Bxd6+
1-0

[Event "Roberto Goyeneche in memorian"]
[Site "SchemingMind.com"]
[Date "2007.07.05"]
[Round "-"]
[White "alejandra"]
[Black "jorge47"]
[Result "0-1"]
[WhiteCountry "ARG"]
[BlackCountry "ARG"]
[WhiteElo "1218"]
[WhiteRD "80"]
[BlackElo "1552"]
[BlackRD "83"]
[GameID "111836"]

1. Nf3 Nf6 2. Nc3 Nc6 3. e4 e5 4. Bc4 d6 5. d3 Be7 6. Ng5 O-O 7. Be3 a6 8. Qf3 b5 9. Bb3 Bg4 10. Qg3 Qd7
11. Qh4 h6 12. f4 hxg5 13. fxg5 Nh7
0-1

[Event "Roberto Goyeneche in memorian"]
[Site "SchemingMind.com"]
[Date "2007.07.10"]
[Round "-"]
[White "jmfera"]
[Black "jorge47"]
[Result "0-1"]
[WhiteCountry "ARG"]
[BlackCountry "ARG"]
[WhiteElo "1276"]
[WhiteRD "108"]
[BlackElo "1552"]
[BlackRD "83"]
[GameID "111837"]

1. e4 c5 2. Nf3 d6 3. Bc4 Bg4 4. Nc3 Nf6 5. d3 e6 6. Bg5 Be7 7. h3 Bh5 8. g4 Nxg4 9. Bxe7 Qxe7 10. hxg4 Bxg4
11. Rg1 Bxf3
0-1

[Event "Roberto Goyeneche in memorian"]
[Site "SchemingMind.com"]
[Date "2007.07.24"]
[Round "-"]
[White "ferqwer"]
[Black "palaciorep"]
[Result "1-0"]
[WhiteCountry "ARG"]
[BlackCountry "ARG"]
[WhiteElo "1652"]
[WhiteRD "89"]
[BlackElo "1634"]
[BlackRD "74"]
[GameID "113367"]

1. e4 e5 2. Nf3 Nc6 3. Bb5 Nge7 4. d4 Nxd4 5. Nxd4 exd4 6. Qxd4 c6 7. Ba4 b5 8. Bb3 Ng6 9. O-O Be7 10. Qxg7 Rf8
11. Bh6 d5 12. exd5 cxd5 13. Nc3 Bf6 14. Qxh7 Rh8 15. Rfe1+ Be6 16. Rxe6+ fxe6 17. Qxg6+ Kd7 18. Bf4 Bxc3 19. bxc3 Rg8 20. Qf7+ Qe7
21. Qh5 Qg7 22. Bg3 a5 23. a4 b4 24. Rd1 Raf8 25. Bxd5 Qxc3 26. Bc4+ Ke7 27. Bh4+ Rf6 28. Qh7+ Kf8 29. Rd8#
1-0

[Event "Roberto Goyeneche in memorian"]
[Site "SchemingMind.com"]
[Date "2007.07.23"]
[Round "-"]
[White "ferqwer"]
[Black "diego"]
[Result "1-0"]
[WhiteCountry "ARG"]
[BlackCountry "ARG"]
[WhiteElo "1768"]
[WhiteRD "98"]
[BlackElo "1364"]
[BlackRD "115"]
[GameID "113368"]

1. e4 c5 2. Nf3 Nc6 3. Bc4 e6 4. c3 g6 5. d4 d6 6. O-O Bg7 7. d5 exd5 8. exd5 Na5 9. Re1+ Ne7 10. Bb5+ Bd7
11. Qe2 O-O 12. Bxd7 Qxd7 13. Qxe7 Qxe7 14. Rxe7 Rae8 15. Rxe8 Rxe8 16. Na3 a6 17. Bf4 Rd8 18. b4 cxb4 19. cxb4 Bxa1 20. bxa5 Rc8
21. h4 Rc3 22. Nb1 Rc5 23. Nbd2 Rxd5 24. Nb3 Bc3 25. a3 Bxa5 26. Nxa5 Rxa5 27. Bxd6 Rd5 28. Be7 Kg7 29. g4 h5 30. g5 Rf5
31. Kg2 b5 32. Ne5 a5 33. Nc6 Rf4 34. Kg3 Rg4+ 35. Kf3 Rxh4 36. Nxa5 Ra4 37. Bb4 f6 38. gxf6+ Kxf6 39. Nb7 Ra6 40. Nd6 Rb6
41. Kf4 Ke6 42. Ne4 Rc6 43. Kg5 Ke5 44. Nc5 Kd5 45. Nd3 Rc4 46. Nf4+ Rxf4 47. Kxf4 h4= 48. Kg4 g5 49. Bd2 h3 50. Kxh3 Ke6
51. Bxg5 Kf5 52. f4 Kg6 53. Kg4
1-0

[Event "Roberto Goyeneche in memorian"]
[Site "SchemingMind.com"]
[Date "2007.07.23"]
[Round "-"]
[White "ferqwer"]
[Black "froldan"]
[Result "1-0"]
[WhiteCountry "ARG"]
[BlackCountry "ARG"]
[WhiteElo "1711"]
[WhiteRD "95"]
[BlackElo "1611"]
[BlackRD "94"]
[GameID "113369"]

1. e4 c5 2. Nf3 Nc6 3. d4 cxd4 4. Nxd4 Nf6 5. Nc3 d6 6. Be3 e6 7. Bb5 Bd7 8. O-O Be7 9. f4 O-O 10. a3 a6
11. e5 dxe5 12. Nxc6 Bxc6 13. fxe5 Bxb5 14. Nxb5 axb5 15. exf6 Bxf6 16. Rb1 Be5 17. Qh5 Bd4 18. Bxd4 Qxd4+ 19. Kh1 b4 20. axb4 Qxb4
21. c3 Qb3 22. h3 Ra2 23. Rf2 b5 24. Kg1 b4 25. Qb5 Rd8 26. c4 Rd1+ 27. Rxd1 Qxd1+ 28. Rf1 Qd4+ 29. Kh1 g6 30. Qe8+ Kg7
31. Qxf7+ Kh6 32. b3 Qe4 33. Qf4+ Qxf4 34. Rxf4 Rb2 35. Rf3 Rc2 36. Kg1 Rc3 37. Kf2 Rxf3+ 38. Kxf3 Kg7 39. Ke4 Kf6 40. c5 Ke7
41. Ke5 Kd7 42. c6+ Kxc6 43. Kxe6 Kc5 44. Ke5 g5 45. g3 h6 46. g4
1-0